| 000 | 00861cam a22002534a 4500 | ||
|---|---|---|---|
| 001 | 3533 | ||
| 005 | 20240318091201.0 | ||
| 020 | _a9780736852630 | ||
| 040 |
_aDLC _cDLC _dDLC _beng |
||
| 050 | 0 | 0 | _aQ185.3 |
| 082 | 0 | 0 | _a502.8 |
| 100 | 1 |
_aMartin, Elena _d1949- |
|
| 245 | 1 | 0 |
_aSeeing is believing / _cby Elena Martin ; consultant, Robert Pastel |
| 260 |
_aBloomington : _bRed Brick Learning , _c2006 |
||
| 300 |
_a16 pages : _bcoloring pages ; _c21 cm. |
||
| 490 | _aYellow Umbrella Books (Science - Level A) | ||
| 505 | 0 | _aM | |
| 520 | _aIntroduces some of the tools that scientists use including microscopes and telescopes. | ||
| 521 |
_a530
_bLexile estimate |
||
| 521 |
_aM
_bRaz-Plus |
||
| 650 | 0 |
_aScientific apparatus and instruments _vJuvenile literature |
|
| 906 |
_a7 _bcbc _corignew _d1 _eecip _f20 _gy-gencatlg |
||
| 942 |
_2ddc _cBK _n0 |
||
| 999 |
_c3533 _d3533 |
||